000 00988nam0a22002651 4500
001 rc\695107
005 20250621213931.0
035 _a(NLR Aleph) 005931556
090 _a6583815
_c6583815
100 _a20031121d1985 |||y0rusy50 ca
101 0 _arus
102 _aRU
105 _aa |||||||||
200 1 _aПрактикум по техническому обслуживанию и ремонту машин
_e[По спец. 1508 "Механизация сел. хоз-ва"]
210 _aМ.
_cАгропромиздат
_d1985
215 _a208 с.
_cил.
_d22
225 1 _aУчебники и учебные пособия для сельскохозяйственных техникумов
320 _aБиблиогр.: с. 206 (23 назв.)
320 _aПредм. указ.: с. 207
700 1 _aЛауш
_bП.В.
_gПетр Васильевич
801 0 _aRU
_bNLR
_gpsbo
801 1 _aRU
_bELAR
_2rusmarc
852 _aNLR
_j85-5/7536
942 _cBOOK
980 _aNB